000
00448nam a2200169Ia 4500
008
090711s9999 xx 000 0 und d
082
_b
23464
100
_a
वर्टी अनंत वा.
245
_a
हेरंब
260
_c
1970
300
_a
87
600
_a
वर्टी अनंत वा.
630
_a
हेरंब
700
_a
वर्टी अनंत वा.
730
_a
हेरंब
942
_c
BOOK
999
_c
299312
_d
299312